[Event "56th World U20 ch"]
[Site "Tarvisio ITA"]
[Date "2017.11.14"]
[Round "2.9"]
[White "Shevchenko, Kirill"]
[Black "Tin Jingyao"]
[Result "1/2-1/2"]
[WhiteElo "2550"]
[BlackElo "2404"]
[EventDate "2017.11.13"]
[PlyCount "68"]

1.e4 e5 2.Nf3 Nc6 3.Bb5 a6 4.Ba4 Nf6 5.d3 b5 6.Bb3 Bc5 7.Nc3 d6 8.Nd5 h6 
9.c3 Rb8 10.d4 Ba7 11.Be3 exd4 12.cxd4 O-O 13.O-O Nxd5 14.Bxd5 Na5 15.Bxh6
c6 16.Bg5 Qe8 17.Re1 cxd5 18.exd5 Qd7 19.Re7 Qf5 20.Rxa7 Qxd5 21.Rc7 Bg4 
22.Bf4 Rbc8 23.Rac1 Rxc7 24.Rxc7 Nc6 25.Be3 Rc8 26.Rxc8+ Bxc8 27.Ng5 Bf5 
28.a3 f6 29.Qf3 Qxf3 30.Nxf3 Kf7 31.d5 Ne5 32.Nxe5+ fxe5 33.f4 exf4 34.
Bxf4 Ke7 1/2-1/2

[Event "56th World U20 ch"]
[Site "Tarvisio ITA"]
[Date "2017.11.14"]
[Round "2.10"]
[White "Sarana, Alexei"]
[Black "Acosta, Pablo Ismael"]
[Result "1/2-1/2"]
[WhiteElo "2543"]
[BlackElo "2402"]
[EventDate "2017.11.13"]
[PlyCount "81"]

1.d4 d5 2.Nf3 Nf6 3.c4 c6 4.Nc3 e6 5.Bg5 h6 6.Bh4 dxc4 7.e4 g5 8.Bg3 b5 9.
Be2 Bg7 10.Qc2 O-O 11.e5 Nh5 12.Ne4 Na6 13.Qd2 c5 14.Nd6 g4 15.Bh4 Qd7 16.
O-O f5 17.Rad1 Bb7 18.Ne1 Bd5 19.h3 cxd4 20.Qxd4 Nb4 21.hxg4 Nc6 22.Qd2 
fxg4 23.Bxg4 Nf4 24.Bf6 Bxf6 25.Qxf4 Bxe5 26.Qxh6 Rf6 27.Qg5+ Qg7 28.Qxg7+
Kxg7 29.Nxb5 Bxb2 30.Nc7 Rd8 31.Nc2 c3 32.Ne3 Bxa2 33.Rxd8 Nxd8 34.Ne8+ 
Kf7 35.Bh5+ Ke7 36.Nxf6 Kxf6 37.Rd1 Ke7 38.Bg6 Bb3 39.Bc2 Bxc2 40.Nxc2 Nc6
41.Re1 $11 1/2-1/2

[Event "56th World U20 ch"]
[Site "Tarvisio ITA"]
[Date "2017.11.14"]
[Round "2.11"]
[White "Keymer, Vincent"]
[Black "Xu Xiangyu"]
[Result "0-1"]
[WhiteElo "2405"]
[BlackElo "2543"]
[EventDate "2017.11.13"]
[PlyCount "64"]

1.Nf3 d5 2.d4 Nf6 3.c4 c6 4.Nc3 g6 5.e3 Bg7 6.Be2 O-O 7.O-O Re8 8.b3 Bf5 
9.Bb2 Nbd7 10.Nh4 e6 11.Nxf5 gxf5 12.Rc1 Rc8 13.a4 Bf8 14.Bd3 a6 15.f3 Bh6
16.f4 Kh8 17.Ba3 Rg8 18.c5 Ng4 19.Qe1 Rg6 20.Rc2 Qg8 21.b4 Bf8 22.Rf3 Be7 
23.Bc1 Qg7 24.Bf1 Rg8 25.Re2 Nxh2 26.Rh3 Rh6 27.Rxh2 Rxh2 28.Kxh2 Qh6+ 29.
Kg1 Bh4 30.Bd2 Nf6 31.Qxh4 Qxh4 32.Be1 Rg3 0-1

[Event "56th World U20 ch"]
[Site "Tarvisio ITA"]
[Date "2017.11.14"]
[Round "2.12"]
[White "Tran Tuan Minh"]
[Black "Huber, Martin Christian"]
[Result "1-0"]
[WhiteElo "2538"]
[BlackElo "2396"]
[EventDate "2017.11.13"]
[PlyCount "63"]

1.d4 Nf6 2.c4 e6 3.Nf3 d5 4.Nc3 Be7 5.Bf4 O-O 6.e3 b6 7.Rc1 Bb7 8.cxd5 
Nxd5 9.Nxd5 Qxd5 10.a3 Qa5+ 11.Qd2 Qxd2+ 12.Nxd2 c5 13.dxc5 Rc8 14.Nb3 
bxc5 15.f3 Bd5 16.Nd2 Nd7 17.Ba6 Rd8 18.Bc7 Re8 19.e4 Bc6 20.Ke2 Nb8 21.
Bd3 Nd7 22.Bg3 Bf6 23.Nc4 Bb5 24.Rhd1 Bxc4 25.Rxc4 Bxb2 26.Rc2 Bd4 27.Bb5 
Red8 28.Bc7 e5 29.Bxd8 Rxd8 30.Bxd7 Rxd7 31.Rxc5 g6 32.Rxe5 1-0

[Event "56th World U20 ch"]
[Site "Tarvisio ITA"]
[Date "2017.11.14"]
[Round "2.13"]
[White "Bakhmatsky, Vladislav"]
[Black "Yuffa, Daniil"]
[Result "0-1"]
[WhiteElo "2404"]
[BlackElo "2527"]
[EventDate "2017.11.13"]
[PlyCount "98"]

1.e4 c6 2.d4 d5 3.e5 Bf5 4.Nf3 e6 5.Be2 Ne7 6.O-O Ng6 7.Be3 Nd7 8.Nbd2 f6 
9.exf6 Qxf6 10.Bg5 Qf7 11.Nh4 Nxh4 12.Bxh4 Bd6 13.Bg3 Bxg3 14.fxg3 Qe7 15.
Bg4 Bxg4 16.Qxg4 O-O-O 17.Rae1 Rde8 18.Re2 h5 19.Qh3 g5 20.g4 hxg4 21.Qg3 
Rh6 22.Rfe1 Qf6 23.Qe3 g3 24.Qxg3 Qxd4+ 25.Qe3 Qxe3+ 26.Rxe3 Kc7 27.Rg3 
Rg8 28.Nf3 Rhg6 29.Ne5 Nxe5 30.Rxe5 Kd6 31.Rge3 Rf8 32.g4 c5 33.Re2 b5 34.
Kg2 a5 35.Kg3 Rh8 36.Kg2 c4 37.Re1 b4 38.R1e2 Rf8 39.Kg1 a4 40.Kg2 Rf4 41.
Kg3 Rf1 42.Re1 Rxe1 43.Rxe1 e5 44.h4 gxh4+ 45.Kxh4 d4 46.g5 Kd5 47.Kg4 e4 
48.Kf5 Rg8 49.g6 d3 0-1

[Event "56th World U20 ch"]
[Site "Tarvisio ITA"]
[Date "2017.11.14"]
[Round "2.14"]
[White "Begmuratov, Alisher"]
[Black "Bellahcene, Bilel"]
[Result "1-0"]
[WhiteElo "2401"]
[BlackElo "2510"]
[EventDate "2017.11.13"]
[PlyCount "59"]

1.e4 c5 2.d4 cxd4 3.c3 d3 4.c4 Nc6 5.Bxd3 g6 6.Nf3 Bg7 7.O-O d6 8.h3 Nf6 
9.Nc3 O-O 10.Be3 Nd7 11.Rc1 Nde5 12.Be2 f5 13.exf5 gxf5 14.Qd2 Nf7 15.Ng5 
Nxg5 16.Bxg5 Be6 17.Nd5 Qd7 18.Rfe1 Rae8 19.Bh6 Bf7 20.Qg5 Bg6 21.Nf4 Bxh6
22.Qxh6 Rf6 23.Rcd1 Bf7 24.Qh4 Kh8 25.c5 Rg8 26.Bb5 Qd8 27.Bxc6 bxc6 28.
cxd6 Rxd6 29.Rxd6 exd6 30.Re7 1-0

[Event "56th World U20 ch"]
[Site "Tarvisio ITA"]
[Date "2017.11.14"]
[Round "2.15"]
[White "Praggnanandhaa, R."]
[Black "Mohammad, Nubairshah Shaikh"]
[Result "1-0"]
[WhiteElo "2509"]
[BlackElo "2394"]
[EventDate "2017.11.13"]
[PlyCount "69"]

1.e4 c6 2.d4 d5 3.exd5 cxd5 4.Bd3 Nc6 5.c3 Nf6 6.Bf4 g6 7.Nf3 Bg7 8.O-O 
O-O 9.Re1 Nh5 10.Be3 f5 11.Na3 f4 12.Bc1 Bg4 13.Be2 Qd6 14.h3 Bd7 15.Nb5 
Qb8 16.c4 e6 17.b3 a6 18.Nc3 Qa7 19.cxd5 Nxd4 20.Bb2 Ng3 21.Bc4 b5 22.dxe6
bxc4 23.exd7 Rad8 24.Nxd4 Bxd4 25.Qf3 Rxd7 26.Rad1 cxb3 27.axb3 Rfd8 28.
Rd2 Nf5 29.Qxf4 Qb7 30.Ne4 Qxb3 31.Nf6+ Bxf6 32.Rxd7 Rxd7 33.Bxf6 h5 34.
Qe4 Qf7 35.Qe8+ 1-0

[Event "56th World U20 ch"]
[Site "Tarvisio ITA"]
[Date "2017.11.14"]
[Round "2.16"]
[White "Triapishko, Alexander"]
[Black "Lopez Gonzalez, Abel Fabian"]
[Result "1-0"]
[WhiteElo "2508"]
[BlackElo "2384"]
[EventDate "2017.11.13"]
[PlyCount "61"]

1.e4 c5 2.Nf3 d6 3.d4 cxd4 4.Nxd4 Nf6 5.Nc3 a6 6.Be3 e5 7.Nf3 Be6 8.Ng5 b5
9.g3 Bc4 10.a4 Bxf1 11.Rxf1 b4 12.Nd5 Nbd7 13.a5 h6 14.Nf3 Nxd5 15.Qxd5 
Qc8 16.Nd2 Nf6 17.Qb3 Qc6 18.Qxb4 d5 19.exd5 Qxc2 20.d6 Rc8 21.Ke2 e4 22.
Rfc1 Qd3+ 23.Ke1 Rd8 24.Qa4+ Qb5 25.Qxb5+ axb5 26.Rc5 b4 27.Nc4 Bxd6 28.
Rb5 Be7 29.a6 Nd5 30.Rxd5 Rxd5 31.a7 1-0

[Event "56th World U20 ch"]
[Site "Tarvisio ITA"]
[Date "2017.11.14"]
[Round "2.17"]
[White "Wang Tongsen"]
[Black "Moroni, Luca jr"]
[Result "0-1"]
[WhiteElo "2396"]
[BlackElo "2506"]
[EventDate "2017.11.13"]
[PlyCount "84"]

1.e4 e6 2.d4 d5 3.Nd2 Nf6 4.e5 Nfd7 5.f4 c5 6.c3 b6 7.Ngf3 Be7 8.Bd3 Ba6 
9.Bxa6 Nxa6 10.Nf1 Nc7 11.Ne3 O-O 12.f5 cxd4 13.cxd4 exf5 14.Nxf5 f6 15.
O-O fxe5 16.Nxe5 Nxe5 17.dxe5 Bc5+ 18.Kh1 Qe8 19.Bd2 a5 20.Bc3 Rd8 21.Bd4 
Ne6 22.Bxc5 bxc5 23.Qg4 Kh8 24.Nd6 Qe7 25.Qa4 Rxf1+ 26.Rxf1 Rf8 27.Qd1 Nf4
28.Re1 c4 29.h3 Nd3 30.Rf1 Rf2 31.Kg1 Qa7 32.Kh2 Qe3 33.Rxf2 Qxe5+ 34.Kg1 
Nxf2 35.Nxc4 Nxh3+ 36.gxh3 Qg3+ 37.Kf1 Qxh3+ 38.Kf2 Qh4+ 39.Ke3 Qxc4 40.
Qh5 h6 41.Qe8+ Kh7 42.Qf8 Qe4+ 0-1

[Event "56th World U20 ch"]
[Site "Tarvisio ITA"]
[Date "2017.11.14"]
[Round "2.18"]
[White "Lomasov, Semen"]
[Black "Zhao Yuanhe"]
[Result "1-0"]
[WhiteElo "2490"]
[BlackElo "2377"]
[EventDate "2017.11.13"]
[PlyCount "125"]

1.e4 e6 2.d4 d5 3.Nd2 dxe4 4.Nxe4 Bd7 5.Bd3 Bc6 6.Nf3 Nd7 7.Qe2 Ngf6 8.
Nxf6+ Nxf6 9.c3 Bxf3 10.Qxf3 c6 11.Bd2 Qd5 12.Qh3 Be7 13.O-O Rd8 14.Rfe1 
Qh5 15.Qg3 O-O 16.Re5 Qg4 17.Qe3 Nd5 18.Qe1 g6 19.Be2 Qh4 20.g3 Qf6 21.c4 
Nb6 22.Bg5 Qxe5 23.dxe5 Bxg5 24.f4 Be7 25.Qa5 Rd7 26.Kf1 Nc8 27.Rd1 Rfd8 
28.Rxd7 Rxd7 29.Bf3 Bd8 30.Qc3 Ne7 31.Be4 Bb6 32.Ke2 h5 33.b4 Bg1 34.Qe1 
Bb6 35.a4 a6 36.Qb1 Kg7 37.Qb3 a5 38.c5 Ba7 39.Qc4 axb4 40.Qxb4 Kg8 41.h3 
Kg7 42.g4 hxg4 43.hxg4 Nd5 44.Bxd5 Rxd5 45.Qxb7 Bxc5 46.a5 g5 47.a6 gxf4 
48.Kf3 Rxe5 49.Qb2 f6 50.a7 Bxa7 51.Qb7+ Kg6 52.Qxa7 f5 53.gxf5+ Rxf5 54.
Qe7 Rf6 55.Qe8+ Kg7 56.Qd7+ Kf8 57.Ke4 f3 58.Ke5 Rf7 59.Qd8+ Kg7 60.Kxe6 
f2 61.Qg5+ Kf8 62.Qh6+ Ke8 63.Qh8+ 1-0

[Event "56th World U20 ch"]
[Site "Tarvisio ITA"]
[Date "2017.11.14"]
[Round "2.19"]
[White "Percivaldi, Martin"]
[Black "Gholami, Aryan"]
[Result "1/2-1/2"]
[WhiteElo "2388"]
[BlackElo "2483"]
[EventDate "2017.11.13"]
[PlyCount "125"]

1.d4 Nf6 2.c4 g6 3.Nc3 d5 4.Bg5 Ne4 5.Bh4 Bg7 6.e3 c5 7.cxd5 Nxc3 8.bxc3 
Qxd5 9.Nf3 Nc6 10.Bg3 O-O 11.Be2 b6 12.O-O Bb7 13.Qa4 Na5 14.Rac1 Rac8 15.
c4 Qe4 16.dxc5 Rxc5 17.Rfd1 Rfc8 18.Bd3 Qc6 19.Qb4 Bf6 20.Bf1 Nxc4 21.Nd4 
Qe4 22.f3 a5 23.fxe4 axb4 24.Rxc4 Rxc4 25.Bxc4 Rxc4 26.e5 Bg5 27.Bf4 h6 
28.Kf2 e6 29.Bxg5 hxg5 30.Rb1 Be4 31.Rb2 Kf8 32.g3 g4 33.Ke2 Ke7 34.Kd2 f6
35.Nc2 fxe5 36.Nxb4 Rc8 37.Kd1 Bf3+ 38.Kd2 e4 39.Rc2 Rd8+ 40.Kc3 Rd1 41.
Rd2 Rc1+ 42.Kb2 Rh1 43.Nc6+ Kf6 44.Nb4 Bd1 45.Kc3 Ba4 46.Kd4 Rc1 47.Kxe4 
Rc4+ 48.Rd4 Bc2+ 49.Nxc2 Rxc2 50.Rb4 Rxh2 51.Kf4 Rxa2 52.Rxb6 Ra4+ 53.e4 
g5+ 54.Kxg4 Rxe4+ 55.Kf3 Ra4 56.Rb5 g4+ 57.Ke3 e5 58.Rb8 Ra3+ 59.Kf2 Rf3+ 
60.Kg2 e4 61.Rg8 Kf5 62.Re8 e3 63.Re7 $11 1/2-1/2

[Event "56th World U20 ch"]
[Site "Tarvisio ITA"]
[Date "2017.11.14"]
[Round "2.20"]
[White "Sorokin, Alexei"]
[Black "Lamard, Guillaume"]
[Result "1-0"]
[WhiteElo "2483"]
[BlackElo "2376"]
[EventDate "2017.11.13"]
[PlyCount "105"]

1.d4 Nf6 2.c4 g6 3.Nc3 Bg7 4.e4 d6 5.Nf3 O-O 6.h3 e5 7.d5 a5 8.g4 Na6 9.
Be3 Nd7 10.a3 Nb6 11.Rg1 Bd7 12.b3 Nc5 13.a4 c6 14.dxc6 Bxc6 15.Bd3 Ne6 
16.Bc2 Nd7 17.Rg3 Ndc5 18.Qd2 b6 19.Rd1 Qc8 20.h4 Qb7 21.Nd5 Nf4 22.Kf1 
Nxd5 23.exd5 Bd7 24.h5 Qc8 25.Nh2 f5 26.gxf5 Bxf5 27.hxg6 hxg6 28.Ke2 Ne4 
29.Bxe4 Bxe4 30.Rdg1 b5 31.f3 Bf5 32.cxb5 Qd8 33.Bg5 Qd7 34.Rc1 e4 35.f4 
e3 36.Qd1 Rae8 37.Rc4 Be4 38.Ng4 Qf5 39.Nxe3 Bxd5 40.Kd2 Rxe3 41.Rxe3 Bxc4
42.bxc4 Bd4 43.Re2 Qh3 44.Qc2 Kg7 45.Qd3 Qxd3+ 46.Kxd3 Bc5 47.Re7+ Kg8 48.
Re6 Kg7 49.Ke4 Bb4 50.Re7+ Kg8 51.Ra7 Re8+ 52.Kd3 Re1 53.b6 1-0

[Event "56th World U20 ch"]
[Site "Tarvisio ITA"]
[Date "2017.11.14"]
[Round "2.21"]
[White "Makhnev, Denis"]
[Black "Salomon, Johan"]
[Result "1-0"]
[WhiteElo "2379"]
[BlackElo "2476"]
[EventDate "2017.11.13"]
[PlyCount "81"]

1.Nf3 d5 2.g3 Nc6 3.c4 d4 4.Bg2 e5 5.d3 Bb4+ 6.Bd2 a5 7.Na3 Nge7 8.Nc2 
Bxd2+ 9.Qxd2 O-O 10.b3 f6 11.O-O Be6 12.a3 Qd7 13.e3 dxe3 14.fxe3 a4 15.b4
Rfd8 16.Rfd1 e4 17.dxe4 Qxd2 18.Nxd2 Rd7 19.Nf3 Rxd1+ 20.Rxd1 Bxc4 21.Rd7 
Rd8 22.Rxc7 Rd1+ 23.Kf2 Ng6 24.Bh3 Nge5 25.Ncd4 Ra1 26.Nxe5 Nxe5 27.Be6+ 
Bxe6 28.Nxe6 Rxa3 29.Rxg7+ Kh8 30.Rxb7 Ra2+ 31.Kf1 h5 32.Ra7 a3 33.Nf4 Nc4
34.Nd5 Nd2+ 35.Ke2 Nxe4+ 36.Kd3 f5 37.Kd4 Rxh2 38.Ke5 a2 39.Kxf5 Nd6+ 40.
Kg6 Rc2 41.Nf6 1-0

[Event "56th World U20 ch"]
[Site "Tarvisio ITA"]
[Date "2017.11.14"]
[Round "2.22"]
[White "Van Foreest, Lucas"]
[Black "Urazayev, Arystanbek"]
[Result "1/2-1/2"]
[WhiteElo "2474"]
[BlackElo "2349"]
[EventDate "2017.11.13"]
[PlyCount "77"]

1.e4 e5 2.Nf3 Nc6 3.Bb5 a6 4.Ba4 Nf6 5.O-O Be7 6.d3 b5 7.Bb3 d6 8.c3 O-O 
9.Nbd2 Na5 10.Bc2 c5 11.Re1 Nc6 12.Nf1 h6 13.Ne3 Re8 14.d4 cxd4 15.cxd4 
exd4 16.Nxd4 Nxd4 17.Qxd4 Bf8 18.Bd2 Bb7 19.Nd5 Bxd5 20.exd5 Rc8 21.Bc3 b4
22.Rxe8 Qxe8 23.Re1 Qb5 24.Bd3 Qxd5 25.Bxa6 Rc6 26.Qxd5 Nxd5 27.Bb7 Rc7 
28.Bxd5 bxc3 29.b4 Be7 30.Rc1 Bg5 31.Rc2 Re7 32.g3 Re1+ 33.Kg2 Bf6 34.Kf3 
Kf8 35.b5 Bd4 36.a4 Rb1 37.Bc6 Ra1 38.Ke4 Be5 39.Bd5 {... 65 moves} 
1/2-1/2

[Event "56th World U20 ch"]
[Site "Tarvisio ITA"]
[Date "2017.11.14"]
[Round "2.23"]
[White "Nikitenko, Mikhail"]
[Black "Zanan, Evgeny"]
[Result "1/2-1/2"]
[WhiteElo "2376"]
[BlackElo "2471"]
[EventDate "2017.11.13"]
[PlyCount "113"]

1.e4 e5 2.Nf3 Nc6 3.Bb5 a6 4.Ba4 Nf6 5.O-O Be7 6.Re1 b5 7.Bb3 d6 8.c3 O-O 
9.d3 Na5 10.Bc2 c5 11.Nbd2 Nc6 12.h3 h6 13.Nf1 Be6 14.Ng3 Rc8 15.Bb3 Nd7 
16.Bxe6 fxe6 17.Nh2 Qe8 18.Qg4 Qf7 19.Rf1 Nf6 20.Qe2 Qg6 21.h4 Kh8 22.h5 
Qe8 23.f4 exf4 24.Bxf4 Qd7 25.Rad1 Nh7 26.Qg4 Bg5 27.Ne2 Qe7 28.Bxg5 Nxg5 
29.Nf4 Ne5 30.Qg3 Kg8 31.Ng4 Nxg4 32.Qxg4 Rce8 33.Ng6 Rxf1+ 34.Rxf1 Qd7 
35.e5 dxe5 36.Nxe5 Qd6 37.Qf4 Qc7 38.Qe3 Qd6 39.a3 a5 40.a4 bxa4 41.Qf4 
Kh7 42.Qxa4 Qxe5 43.Qxe8 Nh3+ 44.Kh1 Nf2+ 45.Rxf2 Qe1+ 46.Kh2 Qxf2 47.Qxe6
Qxb2 48.Qe4+ Kh8 49.Qa8+ Kh7 50.Qxa5 Qb8+ 51.g3 Qe5 52.Qa2 Qxc3 53.Qd5 
Qd2+ 54.Kh3 Qe2 55.Qf5+ Kh8 56.g4 c4 57.Qf8+ 1/2-1/2

[Event "56th World U20 ch"]
[Site "Tarvisio ITA"]
[Date "2017.11.14"]
[Round "2.24"]
[White "Basso, Pierluigi"]
[Black "Kumar, Gaurav"]
[Result "1-0"]
[WhiteElo "2470"]
[BlackElo "2297"]
[EventDate "2017.11.13"]
[PlyCount "91"]

1.d4 Nf6 2.c4 e6 3.Nf3 d5 4.Nc3 Be7 5.Bf4 O-O 6.e3 Nbd7 7.Be2 c5 8.cxd5 
Nxd5 9.Nxd5 exd5 10.O-O Qb6 11.Qc2 Bd6 12.Bxd6 Qxd6 13.dxc5 Nxc5 14.Rac1 
Ne4 15.Rfd1 Rd8 16.Bd3 Nf6 17.h3 Be6 18.Qb3 Qe7 19.Qa4 a6 20.Nd4 Rac8 21.
Qb3 Rxc1 22.Rxc1 Rc8 23.Rxc8+ Bxc8 24.Qb6 Ne4 25.Be2 Qd6 26.Qa5 h6 27.Bf3 
Kh7 28.Qa4 Qg6 29.Bxe4 dxe4 30.Kf1 b6 31.Qe8 Bb7 32.Qd7 Qh5 33.Qa4 Qc5 34.
Kg1 Qc1+ 35.Kh2 Qc7+ 36.Kg1 Qc8 37.Kh2 Qc7+ 38.g3 Bc8 39.Qe8 f5 40.h4 Qd7 
41.Qe5 Qf7 42.Qb8 Bd7 43.Qxb6 Qxa2 44.Qb7 Qf7 45.Qxa6 g5 46.Qd6 1-0

[Event "56th World U20 ch"]
[Site "Tarvisio ITA"]
[Date "2017.11.14"]
[Round "2.25"]
[White "Haria, Ravi"]
[Black "Sosa, Tomas"]
[Result "1-0"]
[WhiteElo "2364"]
[BlackElo "2469"]
[EventDate "2017.11.13"]
[PlyCount "83"]

1.Nf3 Nf6 2.g3 g6 3.Bg2 Bg7 4.d4 O-O 5.c4 d6 6.Nc3 Nbd7 7.O-O e5 8.h3 Re8 
9.e4 a6 10.Be3 b5 11.dxe5 dxe5 12.Nd2 c6 13.b4 a5 14.a3 bxc4 15.Nxc4 Ba6 
16.Qb3 Qc7 17.Rfd1 axb4 18.axb4 Bf8 19.Bf1 Reb8 20.Qc2 Bxb4 21.Na4 Bb5 22.
Ncb6 Ra5 23.Bxb5 Rxb5 24.Nxd7 Nxd7 25.Rac1 Rc8 26.Nc3 Rb7 27.Qd3 Nc5 28.
Qc4 Ne6 29.Rd3 Bxc3 30.Rdxc3 Qe7 31.Kg2 c5 32.Rd1 Nd4 33.Ra1 Qf6 34.Qd5 
Rb2 35.Rxc5 Qf3+ 36.Kg1 Ne2+ 37.Kh2 Rcb8 38.Ra8 Qf6 $11 39.Rc8+ Rxc8 40.
Rxc8+ Kg7 41.Qc5 g5 42.Rc6 1-0

[Event "56th World U20 ch"]
[Site "Tarvisio ITA"]
[Date "2017.11.14"]
[Round "2.26"]
[White "Dimic, Pavle"]
[Black "Morozov, Nichita"]
[Result "0-1"]
[WhiteElo "2357"]
[BlackElo "2467"]
[EventDate "2017.11.13"]
[PlyCount "80"]

1.d4 d5 2.c4 c6 3.Nc3 Nf6 4.e3 a6 5.Qc2 e6 6.b3 c5 7.Nf3 Nc6 8.Bb2 cxd4 9.
exd4 Be7 10.Rd1 O-O 11.Be2 b6 12.O-O Bb7 13.Ne5 Qc7 14.Nxc6 Bxc6 15.Bd3 
Rfc8 16.Qe2 Qb7 17.f4 Rd8 18.f5 exf5 19.Rxf5 Re8 20.cxd5 Bd7 21.Rf4 Bd6 
22.Qf3 Bxf4 23.Qxf4 Bb5 24.Bb1 Qe7 25.d6 Qe1+ 26.Rxe1 Rxe1+ 27.Kf2 Rf1+ 
28.Ke3 Re8+ 29.Be4 Rxe4+ 30.Qxe4 Re1+ 31.Kf4 Nxe4 32.Nxb5 Kf8 33.Ba3 Ke8 
34.Nc7+ Kd7 35.Nxa6 Nxd6 36.Bxd6 Kxd6 37.Nb4 Re2 38.Kf3 Rd2 39.d5 Rd4 40.
a3 Rd2 0-1

[Event "56th World U20 ch"]
[Site "Tarvisio ITA"]
[Date "2017.11.14"]
[Round "2.27"]
[White "Villegas, Franco"]
[Black "Kobo, Ori"]
[Result "0-1"]
[WhiteElo "2328"]
[BlackElo "2460"]
[EventDate "2017.11.13"]
[PlyCount "88"]

1.e4 g6 2.d4 Bg7 3.Nc3 d6 4.Be3 a6 5.Qd2 b5 6.Bd3 Bb7 7.h4 Nf6 8.f3 h5 9.
a4 b4 10.Nd1 a5 11.Nf2 Nbd7 12.Ne2 c5 13.c3 Qc7 14.O-O O-O 15.Bh6 e5 16.d5
c4 17.Bc2 b3 18.Bb1 Rae8 19.g4 Kh7 20.Bxg7 Kxg7 21.Ng3 Rh8 22.Kg2 Bc8 23.
g5 Nh7 24.Nf5+ gxf5 25.exf5 Reg8 26.Ne4 Kf8 27.Kh1 Nc5 28.Ng3 Qd8 29.Ne4 
Nxe4 30.Bxe4 Nxg5 31.hxg5 Rxg5 32.Rg1 Rhg8 33.Rxg5 Rxg5 34.Rg1 Rxg1+ 35.
Kxg1 Qf6 36.Qe2 Qg5+ 37.Qg2 Qc1+ 38.Qf1 Qxf1+ 39.Kxf1 Ke7 40.f4 exf4 41.
Bf3 h4 42.Be2 Ba6 43.Kf2 Kf6 44.Kf3 Kxf5 0-1

[Event "56th World U20 ch"]
[Site "Tarvisio ITA"]
[Date "2017.11.14"]
[Round "2.28"]
[White "Pavic, Filip"]
[Black "Harsha, Bharathakoti"]
[Result "0-1"]
[WhiteElo "2228"]
[BlackElo "2445"]
[EventDate "2017.11.13"]
[PlyCount "48"]

1.e4 c5 2.Nf3 d6 3.d4 cxd4 4.Nxd4 Nf6 5.Nc3 a6 6.h3 e6 7.g4 Be7 8.g5 Nfd7 
9.Be3 b5 10.a3 Bb7 11.h4 Nc6 12.Nxc6 Bxc6 13.Qd4 O-O 14.O-O-O Rb8 15.f4 a5
16.b4 axb4 17.axb4 Qc8 18.h5 e5 19.Qd2 Qa6 20.Nb1 Bxe4 21.Rg1 Bxc2 22.Kxc2
Qa2+ 23.Kc1 Rfc8+ 24.Nc3 Qb3 0-1

[Event "56th World U20 ch"]
[Site "Tarvisio ITA"]
[Date "2017.11.14"]
[Round "2.29"]
[White "Kevlishvili, Robby"]
[Black "Pang Tao"]
[Result "1/2-1/2"]
[WhiteElo "2445"]
[BlackElo "2192"]
[EventDate "2017.11.13"]
[PlyCount "89"]

1.e4 e6 2.d4 d5 3.Nd2 c5 4.exd5 exd5 5.Ngf3 Nc6 6.Bb5 Bd6 7.dxc5 Bxc5 8.
O-O Ne7 9.Nb3 Bb6 10.Re1 O-O 11.Be3 Bg4 12.Bxb6 Qxb6 13.Be2 Rad8 14.c3 a5 
15.Qc2 Ng6 16.Nfd4 Bxe2 17.Nxe2 Rfe8 18.Nbd4 Re4 19.Nf5 Rde8 20.Qd2 Nf4 
21.Nfg3 Nxe2+ 22.Rxe2 Rxe2 23.Nxe2 Ne5 24.b3 Ng4 25.Nd4 Qd6 26.Nf3 Nf6 27.
Rd1 Qc7 28.Qd4 Re4 29.Qd3 h6 30.g3 a4 $11 31.Nd4 axb3 32.axb3 Re8 33.Rc1 
Rc8 34.Nf5 Qe5 35.Rc2 g6 36.Ne3 Kg7 37.Kg2 Rc5 38.c4 dxc4 39.bxc4 Qe4+ 40.
Qxe4 Nxe4 41.Rb2 Nd6 42.Rb4 b5 43.cxb5 Rxb5 44.Rxb5 Nxb5 45.h4 1/2-1/2

[Event "56th World U20 ch"]
[Site "Tarvisio ITA"]
[Date "2017.11.14"]
[Round "2.30"]
[White "Signorelli, Gaetano"]
[Black "Lobanov, Sergei"]
[Result "0-1"]
[WhiteElo "2193"]
[BlackElo "2435"]
[EventDate "2017.11.13"]
[PlyCount "110"]

1.e4 c5 2.Nf3 d6 3.d4 cxd4 4.Nxd4 Nf6 5.Nc3 Nc6 6.Be2 e5 7.Nf3 h6 8.O-O 
Be7 9.Re1 O-O 10.h3 Be6 11.Bf1 Nb8 12.b3 a6 13.a4 Qc7 14.Bb2 Nbd7 15.Nd2 
Nc5 16.Bc4 Qc6 17.Qf3 b6 18.Bd3 Nxd3 19.Qxd3 Rfd8 20.Nf1 d5 21.exd5 Nxd5 
22.Nxd5 Rxd5 23.Qf3 f6 24.Ne3 Rd6 25.Qxc6 Rxc6 26.Ba3 Bxa3 27.Rxa3 Rd8 28.
Raa1 f5 29.c4 a5 30.Rad1 Rcd6 31.Kf1 Rd3 32.Nd5 Rxd1 33.Rxd1 Kf7 34.Ke2 
Bxd5 35.cxd5 Rc8 36.Rb1 Ke7 37.b4 Kd6 38.bxa5 bxa5 39.Rb7 Rc2+ 40.Ke3 g5 
41.g4 f4+ 42.Ke4 Re2+ 43.Kf3 Ra2 44.Ke4 Rxa4+ 45.Kf5 e4 46.Rb6+ Kxd5 47.
Re6 Rd4 48.Re5+ Kc4 49.Rxa5 Rd5+ 50.Rxd5 Kxd5 51.Kg6 e3 52.fxe3 fxe3 53.
Kxh6 e2 54.Kxg5 e1=Q 55.h4 Ke6 0-1

[Event "56th World U20 ch"]
[Site "Tarvisio ITA"]
[Date "2017.11.14"]
[Round "2.31"]
[White "Doluweera, Minul Sanjula"]
[Black "Zhu Yi"]
[Result "1/2-1/2"]
[WhiteElo "2154"]
[BlackElo "2432"]
[EventDate "2017.11.13"]
[PlyCount "60"]

1.d4 g6 2.c4 Bg7 3.e4 d6 4.Nc3 Nf6 5.h3 O-O 6.Nf3 e5 7.d5 Nh5 8.Nh2 Qe8 9.
Be2 Nf4 10.Bf3 f5 11.g3 Nxh3 12.Bg2 fxe4 13.Be3 Na6 14.Nxe4 Nf4 15.gxf4 
exf4 16.Bd4 f3 17.Bxf3 Bf5 18.Bxg7 Bxe4 19.Kf1 Bxf3 20.Nxf3 Kxg7 21.Qd2 
Kg8 22.Ng5 Qe5 23.Re1 Qf4 24.Qxf4 Rxf4 25.Rxh7 Rf5 26.Ree7 Rxg5 27.Rhg7+ 
Kh8 28.Rh7+ Kg8 29.Rhg7+ Kh8 30.Rh7+ Kg8 1/2-1/2

[Event "56th World U20 ch"]
[Site "Tarvisio ITA"]
[Date "2017.11.14"]
[Round "2.32"]
[White "Oparin, Grigory"]
[Black "Bezuidenhout, Roland"]
[Result "1-0"]
[WhiteElo "2606"]
[BlackElo "2118"]
[EventDate "2017.11.13"]
[PlyCount "95"]

1.c4 Nf6 2.Nf3 b6 3.g3 e6 4.Bg2 Bb7 5.d4 Be7 6.O-O O-O 7.Nc3 Ne4 8.Bd2 d6 
9.d5 Nxc3 10.Bxc3 e5 11.e4 Nd7 12.Qe2 a5 13.b3 Nc5 14.Nd2 Bf6 15.a3 g6 16.
Rab1 Bc8 17.b4 Na4 18.Ba1 Bg7 19.Qe3 f5 20.exf5 gxf5 21.f4 e4 22.Bxg7 Kxg7
23.Nb3 Qf6 24.Nd4 Bd7 25.Rfc1 Rfc8 26.Bf1 Qf7 27.Be2 h5 28.Bd1 axb4 29.
axb4 Ra7 30.Ra1 Rca8 31.Ra2 b5 32.c5 dxc5 33.bxc5 c6 34.Bb3 Qf6 35.dxc6 
Bxc6 36.Rd2 Rd7 37.Be6 Rxd4 38.Qxd4 Qxd4+ 39.Rxd4 e3 40.Rd3 Re8 41.Rxe3 
Kf6 42.Rce1 Rd8 43.Bb3 Be4 44.Bxa4 bxa4 45.c6 Rd2 46.Rc3 Rg2+ 47.Kf1 Rxh2 
48.Rxe4 1-0

[Event "56th World U20 ch"]
[Site "Tarvisio ITA"]
[Date "2017.11.14"]
[Round "2.33"]
[White "Tran Minh Thang"]
[Black "Van Foreest, Jorden"]
[Result "0-1"]
[WhiteElo "2361"]
[BlackElo "2616"]
[EventDate "2017.11.13"]
[PlyCount "78"]

1.d4 d5 2.c4 c6 3.Nf3 Nf6 4.e3 Bg4 5.Qb3 Qb6 6.Nc3 e6 7.Nh4 Bh5 8.h3 Be7 
9.g4 Bg6 10.Nxg6 hxg6 11.Bg2 g5 12.e4 Nxe4 13.Nxe4 dxe4 14.Qxb6 axb6 15.
Bxe4 Na6 16.Be3 Nc7 17.Ke2 b5 18.b3 b4 19.f4 gxf4 20.Bxf4 Kd7 21.Be5 f6 
22.Bf4 Ra5 23.Bd2 Ra6 24.h4 Rha8 25.Bb1 b5 26.Rh3 Ra3 27.c5 Nd5 28.h5 Kc7 
29.Be4 Bf8 30.Bxd5 cxd5 31.g5 fxg5 32.Bxg5 e5 33.dxe5 Bxc5 34.Rc1 Rxa2+ 
35.Kd3 Kb6 36.h6 Rb2 37.Be3 Rxb3+ 38.Kd2 Bxe3+ 39.Rxe3 Ra2+ 0-1

[Event "56th World U20 ch"]
[Site "Tarvisio ITA"]
[Date "2017.11.14"]
[Round "2.34"]
[White "Saiyn, Zhanat"]
[Black "Tari, Aryan"]
[Result "0-1"]
[WhiteElo "2374"]
[BlackElo "2581"]
[EventDate "2017.11.13"]
[PlyCount "88"]

1.d4 d5 2.Nf3 Nf6 3.c4 dxc4 4.e3 b5 5.a4 b4 6.Bxc4 e6 7.O-O Be7 8.Qe2 Bb7 
9.Nbd2 O-O 10.a5 a6 11.e4 c5 12.dxc5 Nbd7 13.c6 Bxc6 14.Bxa6 Nc5 15.Bb5 
Bb7 16.e5 Nd5 17.a6 Qb6 18.Bc4 Nxa6 19.Nb3 Nc5 20.Rxa8 Rxa8 21.Nxc5 Qxc5 
22.Bd3 g6 23.h4 b3 24.Bd2 Ra2 25.Rb1 Qb6 26.Bc4 Bc5 27.h5 Ba6 28.Bxa6 Rxa6
29.Rc1 Ra4 30.hxg6 hxg6 31.Ng5 Ne7 32.Qf3 Nf5 33.Be1 Be7 34.Ne4 Qd4 35.
Rc8+ Kg7 36.Qh3 Bh4 37.Nf6 Qxe5 38.Ne8+ Kh7 39.Rc1 Qxb2 40.Rd1 Ra1 41.Rxa1
Qxa1 42.Kf1 b2 43.Nf6+ Kg7 44.Qc3 Bxf6 0-1

[Event "56th World U20 ch"]
[Site "Tarvisio ITA"]
[Date "2017.11.14"]
[Round "2.35"]
[White "Timerkhanov, Alexander"]
[Black "Vaibhav, Suri"]
[Result "1/2-1/2"]
[WhiteElo "2312"]
[BlackElo "2560"]
[EventDate "2017.11.13"]
[PlyCount "104"]

1.Nf3 Nf6 2.c4 e6 3.Nc3 d5 4.e3 Be7 5.b3 O-O 6.Bb2 b6 7.Be2 Bb7 8.O-O dxc4
9.Bxc4 c5 10.d4 Nbd7 11.Qe2 a6 12.a4 cxd4 13.exd4 Re8 14.Ne5 Bb4 15.Rac1 
Nf8 16.Na2 Bd6 17.f4 b5 18.Bd3 bxa4 19.bxa4 Ng6 20.Nc3 Rb8 21.Nd1 Nd5 22.
g3 Nb4 23.Be4 Bxe4 24.Qxe4 Ne7 25.Ba3 Nbd5 26.Bc5 Bxc5 27.dxc5 Rb4 28.Rc4 
Qa5 29.Nd3 Nf6 30.Rxb4 Nxe4 31.Rxe4 Rd8 32.N1f2 h5 33.Rc4 h4 34.Rfc1 Nc6 
35.Ne5 Nd4 36.Kg2 f6 37.Nf3 Nf5 38.R1c3 hxg3 39.hxg3 Ne7 40.Ne4 Nc6 41.
Ned2 Rd5 42.Ne4 Qd8 43.Nd6 Qb8 44.Rc2 Rd3 45.f5 e5 46.Rf2 Qb3 47.Rg4 Kf8 
48.Nh4 Qd5+ 49.Kh2 Rd2 50.Ng6+ Kg8 51.Rxd2 Qxd2+ 52.Kh3 Qf2 1/2-1/2